Modelos financieros (Registro nro. 609)
[ vista simple ]
| 000 -LEADER | |
|---|---|
| fixed length control field | 01107 a2200253 4500 |
| 001 - CONTROL NUMBER | |
| control field | 14682 |
| 005 - DATE AND TIME OF LATEST TRANSACTION | |
| control field | 20260407155448.0 |
| 008 - FIXED-LENGTH DATA ELEMENTS--GENERAL INFORMATION | |
| fixed length control field | 260407a2008 arg spa d |
| 003 - CONTROL NUMBER IDENTIFIER | |
| control field | AR-UNSa-BCEJYS |
| 040 ## - CATALOGING SOURCE | |
| Original cataloging agency | AR-UNSa-BCEJYS |
| Language of cataloging | spa |
| Transcribing agency | AR-UNSa-BCEJYS |
| 080 ## - UNIVERSAL DECIMAL CLASSIFICATION NUMBER | |
| Universal Decimal Classification number | 330.32 |
| Common auxiliary subdivision | Nueva formación de capital (Inversión) |
| 020 ## - INTERNATIONAL STANDARD BOOK NUMBER | |
| International Standard Book Number | 978-987-1046-81-2 |
| 100 1# - MAIN ENTRY--PERSONAL NAME | |
| Personal name | Bacchini, Roberto D. |
| 245 10 - TITLE STATEMENT | |
| Title | Modelos financieros |
| Name of part/section of a work | utilizando Microsoft Excel |
| 264 #1 - PRODUCTION, PUBLICATION, DISTRIBUTION, MANUFACTURE, AND COPYRIGHT NOTICE | |
| Place of production, publication, distribution, manufacture | Buenos Aires : |
| Name of producer, publisher, distributor, manufacturer | Omicron System |
| Date of production, publication, distribution, manufacture, or copyright notice | 2008 |
| 300 ## - PHYSICAL DESCRIPTION | |
| Extent | 185 p. |
| Dimensions | 23 cm. |
| 505 ## - FORMATTED CONTENTS NOTE | |
| Formatted contents note | 1. Técnicas tradicionales de valuación de proyectos - 2. Préstamos - 3. Acciones con dividendo - 4. Bonos - 5. Opciones de compra y de venta - 6. Valuación de proyectos con opciones reales - 7. Administración de portafolio de acciones |
| 590 ## - LOCAL NOTE (RLIN) | |
| Local note | niveau_biblio:m niveau_hierar:0 |
| 700 1# - ADDED ENTRY--PERSONAL NAME | |
| Personal name | Matsuda Yamada, Flavia E. |
| 700 1# - ADDED ENTRY--PERSONAL NAME | |
| Personal name | García Fronti, Javier I. |
| 700 1# - ADDED ENTRY--PERSONAL NAME | |
| Personal name | García Fronti, Matías S |
| 856 41 - ELECTRONIC LOCATION AND ACCESS | |
| Uniform Resource Identifier | <a href="https://biblioeco.unsa.edu.ar/pmb/images/libros/Modelos Financieros utilizando Excel-l118942.jpg">https://biblioeco.unsa.edu.ar/pmb/images/libros/Modelos Financieros utilizando Excel-l118942.jpg</a> |
| Link text | Imagen de portada |
| Electronic format type | image/jpeg |
| 942 ## - ADDED ENTRY ELEMENTS (KOHA) | |
| Koha item type | |
| Withdrawn status | Lost status | Damaged status | Not for loan | Home library | Current library | Shelving location | Date acquired | Total checkouts | Full call number | Barcode | Date last seen | Price effective from | Koha item type |
|---|---|---|---|---|---|---|---|---|---|---|---|---|---|
| Biblioteca Prof. Eusebio Cleto del Rey | Biblioteca Prof. Eusebio Cleto del Rey | 07/04/2026 | 330.32 M689 | L118941 | 07/04/2026 | 07/04/2026 | Libro | ||||||
| Biblioteca Prof. Eusebio Cleto del Rey | Biblioteca Prof. Eusebio Cleto del Rey | 07/04/2026 | 330.32 M689 | L118942 | 07/04/2026 | 07/04/2026 | Libro |